| Tag |
First Indicator |
Second Indicator |
Subfields |
| LEADER |
00000cam a2200000 4500 |
| 001 |
in00001099331 |
| 005 |
20150929185512.0 |
| 008 |
790105s1906 xx 000 0 ger d |
| 035 |
|
|
|a (OCoLC)04522678
|
| 035 |
|
|
|9 AFS5549AM
|
| 040 |
|
|
|a CLE
|c CLE
|d m.c.
|d OCL
|d TXA
|d UtOrBLW
|
| 049 |
|
|
|a TXAM
|
| 090 |
|
|
|a PR4434
|b .B38 1906
|
| 092 |
|
|
|a 826.82
|b Z136
|
| 100 |
1 |
|
|a Baumgarten, Otto,
|d 1858-1934.
|
| 245 |
1 |
0 |
|a Carlyle und Goethe /
|c Otto Baumgarten.
|
| 264 |
|
1 |
|a Tübingen :
|b J.C.B. Mohr (Paul Siebeck),
|c 1906.
|
| 300 |
|
|
|a xii, 177 pages
|
| 336 |
|
|
|a text
|b txt
|2 rdacontent
|
| 337 |
|
|
|a unmediated
|b n
|2 rdamedia
|
| 338 |
|
|
|a volume
|b nc
|2 rdacarrier
|
| 490 |
0 |
|
|a Lebensfragen: schriften und reden ;
|v 13
|
| 600 |
1 |
0 |
|a Carlyle, Thomas,
|d 1795-1881.
|
| 600 |
1 |
0 |
|a Goethe, Johann Wolfgang von,
|d 1749-1832
|x Influence.
|
| 999 |
|
|
|a MARS
|
| 999 |
f |
f |
|s 152761ac-50b3-3254-af12-580c304c7402
|i 613d3435-94a0-3904-8e85-e6b201dfe121
|t 0
|
| 952 |
f |
f |
|p ric
|a Texas A&M University
|b Rellis Campus
|c Joint Library Facility
|d Remote Storage
|t 0
|e PR4434 .B38 1906
|h Library of Congress classification
|i unmediated -- volume
|m A14821356463
|
| 998 |
f |
f |
|a PR4434 .B38 1906
|t 0
|l Remote Storage
|